[Event "Ceske Budejovice op-A"]
[Site "Ceske Budejovice"]
[Date "2025.07.04"]
[Round "7"]
[White "Zauner, Christoph"]
[Black "Velychko, Maksym"]
[Result "1-0"]
[WhiteElo "1974"]
[BlackElo "1915"]
[PlyCount "57"]
[EventDate "2025.06.28"]
[EventType "swiss"]
[EventRounds "9"]
[EventCountry "CZE"]
[SourceTitle "CB28_2025"]
[SourceDate "2025.07.09"]
[SourceVersion "1"]
[SourceVersionDate "2025.07.09"]
[SourceQuality "1"]

1. Nc3 Nf6 2. d4 g6 3. e4 d6 4. Be2 Bg7 5. g4 d5 6. e5 Ne4 7. Qd3 Nc6 8. Be3 Nxc3 9. Qxc3 0-0 10. h4 f6 11. exf6 Bxf6 12. 0-0-0 e5 13. dxe5 Nxe5 14. g5 Bg7 15. Bd4 Qe8 16. Nf3 Nxf3 17. Bxg7 d4 18. Qd3 Kxg7 19. Bxf3 c5 20. Bd5 Qe5 21. Bb3 Bf5 22. Qb5 b6 23. Rde1 Qf4+ 24. Kb1 Qxf2 25. Re7+ Kh8 26. Qc6 d3 27. Qc7 dxc2+ 28. Ka1 Bd7 29. Qe5+ 1-0

[Event "Ceske Budejovice op-A"]
[Site "Ceske Budejovice"]
[Date "2025.07.02"]
[Round "5"]
[White "Jurek, Josef"]
[Black "Velychko, Maksym"]
[Result "1/2-1/2"]
[WhiteElo "2156"]
[BlackElo "1915"]
[PlyCount "56"]
[EventDate "2025.06.28"]
[EventType "swiss"]
[EventRounds "9"]
[EventCountry "CZE"]
[SourceTitle "CB28_2025"]
[SourceDate "2025.07.09"]
[SourceVersion "1"]
[SourceVersionDate "2025.07.09"]
[SourceQuality "1"]

1. Nf3 Nf6 2. c4 g6 3. b3 Bg7 4. Bb2 0-0 5. g3 d6 6. d4 c5 7. Bg2 Nc6 8. d5 Nb4 9. a3 Na6 10. 0-0 Nc7 11. Nbd2 Rb8 12. e4 Bg4 13. Qc2 a6 14. h3 Bxf3 15. Nxf3 b5 16. Bc3 bxc4 17. bxc4 Qd7 18. Rfe1 e5 19. dxe6 Qxe6 20. e5 Nfe8 21. exd6 Qxd6 22. Ne5 Ne6 23. Nc6 Nd4 24. Bxd4 Bxd4 25. Rad1 Rb2 26. Qxb2 Bxb2 27. Rxd6 Nxd6 28. Bd5 Re8 1/2-1/2

[Event "Ceske Budejovice op-A"]
[Site "Ceske Budejovice"]
[Date "2025.06.30"]
[Round "3"]
[White "Piotraschke, Jens"]
[Black "Velychko, Maksym"]
[Result "1-0"]
[WhiteElo "2036"]
[BlackElo "1915"]
[PlyCount "59"]
[EventDate "2025.06.28"]
[EventType "swiss"]
[EventRounds "9"]
[EventCountry "CZE"]
[SourceTitle "CB28_2025"]
[SourceDate "2025.07.09"]
[SourceVersion "1"]
[SourceVersionDate "2025.07.09"]
[SourceQuality "1"]

1. d4 Nf6 2. c4 g6 3. Nf3 Bg7 4. g3 0-0 5. Bg2 c6 6. 0-0 d5 7. cxd5 cxd5 8. Ne5 Nc6 9. Nxc6 bxc6 10. Nc3 Rb8 11. Na4 e5 12. dxe5 Ng4 13. f4 Rb4 14. h3 Qa5 15. b3 Rxa4 16. bxa4 Qb6+ 17. e3 Nxe5 18. fxe5 Bxe5 19. Bd2 Bxg3 20. Rb1 Qc7 21. Bc3 Bf5 22. Rb2 Qe7 23. Qd4 f6 24. Bb4 Bd6 25. Bxd6 Qxd6 26. Rc1 Re8 27. Rxc6 Qg3 28. Qf4 Qxe3+ 29. Qxe3 Rxe3 30. Rc7 1-0

[Event "CZE-chT1W 2425"]
[Site "Czech Republic"]
[Date "2025.04.06"]
[Round "11.8"]
[White "Velychko, Maksym"]
[Black "Kozak, Milos"]
[Result "1-0"]
[WhiteElo "1920"]
[BlackElo "2051"]
[PlyCount "91"]
[EventDate "2024.10.20"]
[EventType "team-tourn"]
[EventRounds "11"]
[EventCountry "CZE"]
[SourceTitle "CB16_2025"]
[SourceDate "2025.04.16"]
[SourceVersion "1"]
[SourceVersionDate "2025.04.16"]
[SourceQuality "1"]
[WhiteTeam "Pisek"]
[BlackTeam "Litomerice Slavoj"]
[WhiteTeamCountry "CZE"]
[BlackTeamCountry "CZE"]

1. e4 c6 2. d4 d5 3. e5 Bf5 4. Nf3 e6 5. Be2 Ne7 6. 0-0 Nd7 7. Be3 Ng6 8. Nbd2 h5 9. c4 dxc4 10. Nxc4 Nb6 11. Qb3 Nxc4 12. Bxc4 Qd7 13. Rfd1 Be4 14. Ng5 Bd5 15. Bxd5 cxd5 16. Rac1 Be7 17. Rd3 0-0 18. Rdc3 Rfc8 19. Qd1 Rxc3 20. Rxc3 h4 21. Qc2 Bd8 22. h3 Bb6 23. b4 a5 24. b5 Rd8 25. a4 Re8 26. g3 hxg3 27. fxg3 Nf8 28. Qf2 Bd8 29. Qc2 Bb6 30. Kg2 Re7 31. Nf3 Re8 32. Ne1 Rd8 33. Bg5 Re8 34. Nd3 f5 35. exf6 gxf6 36. Bxf6 Qf7 37. Be5 Ng6 38. Rc8 Rxc8 39. Qxc8+ Kh7 40. Qc2 Qf5 41. Qe2 Nxe5 42. dxe5 Bd4 43. Qf3 Qe4 44. Qxe4+ dxe4 45. Nf4 Bxe5 46. Nxe6 1-0

[Event "Prague Golden Rapid op 19th"]
[Site "Prague"]
[Date "2024.06.23"]
[Round "7"]
[White "Pribyl, Josef"]
[Black "Velychko, Maksym"]
[Result "1-0"]
[WhiteElo "2210"]
[BlackElo "1820"]
[PlyCount "51"]
[EventDate "2024.06.23"]
[EventType "swiss (rapid)"]
[EventRounds "7"]
[EventCountry "CZE"]
[SourceTitle "EXT 2025"]
[Source "ChessBase"]
[SourceDate "2024.10.14"]
[SourceVersion "1"]
[SourceVersionDate "2024.10.14"]
[SourceQuality "1"]

1. c4 Nf6 2. Nc3 g6 3. d4 d5 4. cxd5 Nxd5 5. g3 Bg7 6. Bg2 Nxc3 7. bxc3 c5 8. e3 0-0 9. Ne2 Nc6 10. 0-0 cxd4 11. cxd4 Bg4 12. h3 Bxe2 13. Qxe2 Rc8 14. Bb2 Qb6 15. Rfb1 Qa5 16. a4 e6 17. Qb5 Qc7 18. Ba3 Rfd8 19. Qxb7 Na5 20. Qxc7 Rxc7 21. Rb5 Nc6 22. Rc1 Rdc8 23. Rxc6 Rxc6 24. Bxc6 Rxc6 25. Rb8+ Bf8 26. Bxf8 1-0

[Event "Prague Golden Rapid op 19th"]
[Site "Prague"]
[Date "2024.06.23"]
[Round "4"]
[White "Velychko, Maksym"]
[Black "Muron, Miroslav"]
[Result "0-1"]
[WhiteElo "1820"]
[BlackElo "2078"]
[PlyCount "66"]
[EventDate "2024.06.23"]
[EventType "swiss (rapid)"]
[EventRounds "7"]
[EventCountry "CZE"]
[SourceTitle "EXT 2025"]
[Source "ChessBase"]
[SourceDate "2024.10.14"]
[SourceVersion "1"]
[SourceVersionDate "2024.10.14"]
[SourceQuality "1"]

1. e4 e5 2. Nf3 Nc6 3. Nc3 Bb4 4. Bb5 Nge7 5. 0-0 0-0 6. a3 Ba5 7. b4 Bb6 8. Bb2 d6 9. Na4 Bg4 10. Nxb6 axb6 11. Be2 Ng6 12. g3 Qd7 13. d4 Bh3 14. Re1 h6 15. dxe5 Ncxe5 16. Nxe5 Nxe5 17. f4 Ng4 18. f5 h5 19. Qd4 Nf6 20. Rad1 Qe7 21. e5 dxe5 22. Qxe5 Qxe5 23. Bxe5 Bxf5 24. Bxc7 Rxa3 25. Bxb6 Bxc2 26. Rc1 Bg6 27. Bd4 Nd5 28. Bc4 Rd8 29. Bc5 Nf6 30. Be7 Rd2 31. Bc5 Ng4 32. h3 Rxg3+ 33. Kf1 Nh2# 0-1

[Event "Prague Golden U20 Rapid op 19th"]
[Site "Prague"]
[Date "2024.06.22"]
[Round "7"]
[White "Filip, Damian"]
[Black "Velychko, Maksym"]
[Result "1/2-1/2"]
[WhiteElo "1545"]
[BlackElo "1820"]
[PlyCount "60"]
[EventDate "2024.06.22"]
[EventType "swiss (rapid)"]
[EventRounds "7"]
[EventCountry "CZE"]
[SourceTitle "EXT 2025"]
[Source "ChessBase"]
[SourceDate "2024.10.14"]
[SourceVersion "1"]
[SourceVersionDate "2024.10.14"]
[SourceQuality "1"]

1. e4 e6 2. d4 d5 3. Nd2 c5 4. Ngf3 Nc6 5. Bb5 Qb6 6. Bxc6+ bxc6 7. exd5 cxd5 8. Nb3 c4 9. Nbd2 Nf6 10. c3 Bd6 11. 0-0 0-0 12. Re1 Qc7 13. h3 Rb8 14. Qe2 h6 15. Ne5 Nd7 16. Nxd7 Bxd7 17. Nf3 f6 18. Nh4 e5 19. dxe5 Bxe5 20. Qc2 Rfe8 21. Kh1 Bf4 22. Bxf4 Qxf4 23. g3 Qd6 24. Nf5 Bxf5 25. Rxe8+ Rxe8 26. Qxf5 Qe5 27. Qf3 Qe4 28. Kg2 Kf7 29. Rd1 Qxf3+ 30. Kxf3 Re4 1/2-1/2

[Event "Prague Golden U20 Rapid op 19th"]
[Site "Prague"]
[Date "2024.06.22"]
[Round "5"]
[White "Velychko, Maksym"]
[Black "Porter, William"]
[Result "0-1"]
[WhiteElo "1820"]
[BlackElo "1549"]
[PlyCount "79"]
[EventDate "2024.06.22"]
[EventType "swiss (rapid)"]
[EventRounds "7"]
[EventCountry "CZE"]
[SourceTitle "EXT 2025"]
[Source "ChessBase"]
[SourceDate "2024.10.14"]
[SourceVersion "1"]
[SourceVersionDate "2024.10.14"]
[SourceQuality "1"]

1. e4 c5 2. Nf3 d6 3. d4 cxd4 4. Nxd4 Nf6 5. Nc3 g6 6. Be3 Bg7 7. Qd2 Ng4 8. Bb5+ Nd7 9. 0-0 Nxe3 10. Qxe3 0-0 11. f4 Qb6 12. e5 dxe5 13. fxe5 Bxe5 14. Rad1 Bxd4 15. Qxd4 Qxd4+ 16. Rxd4 Nf6 17. Re1 Be6 18. Bc4 Bxc4 19. Rxc4 e6 20. Rc7 Rab8 21. Re5 Rfc8 22. Rec5 Rxc7 23. Rxc7 a6 24. Kf2 Kg7 25. Kf3 b5 26. Rc6 Ra8 27. g4 Nd7 28. Kf4 Nf6 29. g5 Ng8 30. Ne4 Ne7 31. Rd6 Nd5+ 32. Ke5 Ne3 33. Rd7 Nc4+ 34. Kd4 Nb6 35. Rb7 Nd5 36. Nd6 Rd8 37. Kc5 Ne3 38. Nxf7 Rc8+ 39. Kb6 Kg8 40. Kxa6 0-1